| 000 | 01186cam a2200301 a 4500 | ||
|---|---|---|---|
| 005 | 20260322212002.0 | ||
| 008 | data | ||
| 010 | _a 2010043828 | ||
| 020 | _a9780465023530 (alk. paper) | ||
| 020 | _a0465023533 | ||
| 040 |
_aDLC _cDLC _dDLC |
||
| 042 | _apcc | ||
| 050 | 0 | 0 |
_aBF575.E55 _bB37 2011 |
| 082 | 0 | 0 |
_a152.4/1 _222 |
| 096 | _aWM 140 B37 2011 | ||
| 100 | 1 | _aBaron-Cohen, Simon. | |
| 245 | 1 | 4 |
_aThe science of evil : _bon empathy and the origins of cruelty / _cSimon Baron-Cohen. |
| 260 |
_aNew York : _bBasic Books, _cc2011. |
||
| 300 |
_axii, 240 p. : _bill. ; _c22 cm. |
||
| 504 | _aIncludes bibliographical references and index. | ||
| 505 | 0 | _aExplaining "evil" and cruelty -- The empathy mechanism: the bell curve -- When zero degrees is negative -- When zero degrees is positive -- The empathy gene -- Reflections on human cruelty. | |
| 650 | 0 | _aEmpathy. | |
| 650 | 0 | _aCruelty. | |
| 906 |
_a7 _bcbc _corignew _d1 _eecip _f20 _gy-gencatlg |
||
| 925 | 0 |
_aacquire _b2 shelf copies _xpolicy default |
|
| 955 |
_wrd03 2010-10-18 _erf10 2011-06-25 Cip Ver. to BCCD _txg22 2011-07-26 copy 2 added |
||
| 001 | data | ||
| 999 |
_c10 _d10 |
||